Sólo cenizas hallarás : (Registro nro. 7970)
[ vista simple ]
| 000 -LEADER | |
|---|---|
| fixed length control field | 00845nam a2200277 a 4500 |
| 001 - CONTROL NUMBER | |
| control field | 000035676 |
| 003 - CONTROL NUMBER IDENTIFIER | |
| control field | DO-SdBNP |
| 005 - DATE AND TIME OF LATEST TRANSACTION | |
| control field | 20180213110133.0 |
| 007 - PHYSICAL DESCRIPTION FIXED FIELD--GENERAL INFORMATION | |
| fixed length control field | 000035676 |
| 008 - FIXED-LENGTH DATA ELEMENTS--GENERAL INFORMATION | |
| fixed length control field | 091202s2011 dr 000 f spa d |
| 020 ## - INTERNATIONAL STANDARD BOOK NUMBER | |
| International Standard Book Number | 9789945429336 |
| 040 ## - CATALOGING SOURCE | |
| Original cataloging agency | BPMSU |
| Language of cataloging | spa |
| Transcribing agency | BPMSU |
| 082 #4 - DEWEY DECIMAL CLASSIFICATION NUMBER | |
| Classification number | RD863.44 |
| Item number | V498s, |
| 100 1# - MAIN ENTRY--PERSONAL NAME | |
| Personal name | Vergés, Pedro, |
| Dates associated with a name | 1945 - |
| 245 10 - TITLE STATEMENT | |
| Title | Sólo cenizas hallarás : |
| Remainder of title | (boleros) / |
| Statement of responsibility, etc. | Pedro Vergés. |
| 260 ## - PUBLICATION, DISTRIBUTION, ETC. (IMPRINT) | |
| Place of publication, distribution, etc. | Santo Domingo : |
| Name of publisher, distributor, etc. | Grupo Santillana, |
| Date of publication, distribution, etc. | 2011. |
| 300 ## - PHYSICAL DESCRIPTION | |
| Extent | 428 p. ; |
| Dimensions | 22 cm. |
| 490 1# - SERIES STATEMENT | |
| Series statement | Alfaguara |
| 500 ## - GENERAL NOTE | |
| General note | Incluye datos biográficos del autor en la contracubierta |
| 650 #4 - SUBJECT ADDED ENTRY--TOPICAL TERM | |
| Topical term or geographic name as entry element | NOVELA DOMINICANA |
| General subdivision | LITERATURA DOMINICANA |
| 830 #0 - SERIES ADDED ENTRY--UNIFORM TITLE | |
| Uniform title | Alfaguara |
| 910 ## - USER-OPTION DATA (OCLC) | |
| User-option data | Validado. Control de calidad MFF |
| 942 ## - ADDED ENTRY ELEMENTS (KOHA) | |
| Source of classification or shelving scheme | Dewey Decimal Classification |
| Koha item type | Libros |
| 945 ## - LOCAL PROCESSING INFORMATION (OCLC) | |
| a | Inventariado / 2017 VM |
| 956 ## - LOCAL ELECTRONIC LOCATION AND ACCESS (OCLC) | |
| Host name | VMATEO |
| Access number | 10 |
| Compression information | 20111129 |
| Logon | BPMUS |
| Processor of request | 1026 |
| Withdrawn status | Lost status | Source of classification or shelving scheme | Damaged status | Not for loan | Collection code | Home library | Current library | Date acquired | Source of acquisition | Total Checkouts | Full call number | Barcode | Date last seen | Price effective from | Koha item type | Copy number |
|---|---|---|---|---|---|---|---|---|---|---|---|---|---|---|---|---|
| Dewey Decimal Classification | Colección Dominicana | Biblioteca Pública Metropolitana Salomé Ureña | Biblioteca Pública Metropolitana Salomé Ureña | 07/16/2015 | Alfaguara | RD863.44 V498s | BPMSU15070218 | 07/16/2015 | 07/16/2015 | Libros | ||||||
| Dewey Decimal Classification | Colección Dominicana | Biblioteca Pública Metropolitana Salomé Ureña | Biblioteca Pública Metropolitana Salomé Ureña | 07/16/2015 | Alfaguara | RD863.44 V498s | BPMUS15070219 | 07/16/2015 | 07/16/2015 | Libros | e. 2 | |||||
| Dewey Decimal Classification | Colección Dominicana | Biblioteca Pública Metropolitana Salomé Ureña | Biblioteca Pública Metropolitana Salomé Ureña | 07/16/2015 | Alfaguara | RD863.44 V498s | BPMUS15070220 | 07/16/2015 | 07/16/2015 | Libros | e. 3 |